<?xml version="1.0" encoding="UTF-8"?><?xml-stylesheet type="text/xsl" href="static/style.xsl"?><OAI-PMH xmlns="http://www.openarchives.org/OAI/2.0/" xmlns:xsi="http://www.w3.org/2001/XMLSchema-instance" xsi:schemaLocation="http://www.openarchives.org/OAI/2.0/ http://www.openarchives.org/OAI/2.0/OAI-PMH.xsd"><responseDate>2026-04-13T15:09:49Z</responseDate><request verb="GetRecord" identifier="oai:www.recercat.cat:20.500.12327/132" metadataPrefix="marc">https://recercat.cat/oai/request</request><GetRecord><record><header><identifier>oai:recercat.cat:20.500.12327/132</identifier><datestamp>2025-10-22T11:31:27Z</datestamp><setSpec>com_2072_4428</setSpec><setSpec>com_2072_4427</setSpec><setSpec>col_2072_487898</setSpec></header><metadata><record xmlns="http://www.loc.gov/MARC21/slim" xmlns:dcterms="http://purl.org/dc/terms/" xmlns:xsi="http://www.w3.org/2001/XMLSchema-instance" xmlns:doc="http://www.lyncode.com/xoai" xsi:schemaLocation="http://www.loc.gov/MARC21/slim http://www.loc.gov/standards/marcxml/schema/MARC21slim.xsd">
   <leader>00925njm 22002777a 4500</leader>
   <datafield ind2=" " ind1=" " tag="042">
      <subfield code="a">dc</subfield>
   </datafield>
   <datafield ind2=" " ind1=" " tag="720">
      <subfield code="a">Egea, Macarena</subfield>
      <subfield code="e">author</subfield>
   </datafield>
   <datafield ind2=" " ind1=" " tag="720">
      <subfield code="a">Linares, María Belén</subfield>
      <subfield code="e">author</subfield>
   </datafield>
   <datafield ind2=" " ind1=" " tag="720">
      <subfield code="a">Gil, Marta</subfield>
      <subfield code="e">author</subfield>
   </datafield>
   <datafield ind2=" " ind1=" " tag="720">
      <subfield code="a">López, María Belén</subfield>
      <subfield code="e">author</subfield>
   </datafield>
   <datafield ind2=" " ind1=" " tag="720">
      <subfield code="a">Garrido, María Dolores</subfield>
      <subfield code="e">author</subfield>
   </datafield>
   <datafield ind2=" " ind1=" " tag="260">
      <subfield code="c">2017-10-05</subfield>
   </datafield>
   <datafield ind2=" " ind1=" " tag="520">
      <subfield code="a">BACKGROUND&#xd;
Consumers highly sensitive to androstenone María (AND) will probably reject meat from entire male pigs, which tends to have high levels of this hormone. To avoid this, the effect of different masking strategies (sprinkling with mixed spices or fennel, marinating and breading with garlic–parsley or curry) on the sensory parameters of pork loin chops obtained from entire animals with high levels of AND (1.0–2.9 mg kg−1 AND in fat) and castrated animals (&lt;0.4 mg kg−1 AND in fat), both with low levels of skatole (&lt;0.1 mg kg−1 skatole in fat) was investigated.&#xd;
&#xd;
RESULTS&#xd;
The garlic–parsley breadcrumbs led to the highest reduction in the perception of AND compared with the other masking strategies used, and preserved the juiciness of the product. There was a negative correlation between AND and fat content.&#xd;
&#xd;
CONCLUSION&#xd;
AND odor and flavor can be reduced in meat from entire male pigs by using suitable strategies, the best strategy being the garlic–parsley breadcrumbs. © 2017 Society of Chemical Industry</subfield>
   </datafield>
   <datafield ind1="8" ind2=" " tag="024">
      <subfield code="a">Egea, Macarena, María Belén Linares, Marta Gil, María Belén López, and María Dolores Garrido. 2017. "Reduction Of Androstenone Perception In Pan-Fried Boar Meat By Different Masking Strategies". Journal Of The Science Of Food And Agriculture 98 (6): 2251-2257. Wiley. doi:10.1002/jsfa.8712.</subfield>
   </datafield>
   <datafield ind1="8" ind2=" " tag="024">
      <subfield code="a">ISSN: 0022-5142</subfield>
   </datafield>
   <datafield ind1="8" ind2=" " tag="024">
      <subfield code="a">http://hdl.handle.net/20.500.12327/132</subfield>
   </datafield>
   <datafield ind1="8" ind2=" " tag="024">
      <subfield code="a">https://doi.org/10.1002/jsfa.8712</subfield>
   </datafield>
   <datafield ind2="0" ind1="0" tag="245">
      <subfield code="a">Reduction of androstenone perception in pan‐fried boar meat by different masking strategies</subfield>
   </datafield>
</record></metadata></record></GetRecord></OAI-PMH>